000 01129cam a22003251 4500
001 18475
003 BD-RjUL
005 20211209000306.0
008 140220s1968 enkafh b 000 0 eng
020 _a0710060653
035 _a(BD-RjUL)18533
040 _aDLC
_cDLC
_dDLC
_dBD-RjUL
_beng
041 _aeng
082 0 0 _a792.09
_bKNS
100 1 _aKnight, George Wilson,
_d1897-
_956919
245 1 0 _aShakespearian production,
_bwith especial reference to the tragedies /
_c G. Wilson Knight.
250 _a[New ed.]
260 _aLondon :
_bRoutledge & K. Paul,
_c1968.
300 _a3-323 p. :
_b15 plates, illus., facsims. ;
_c22 cm.
350 _a18/-
490 0 _aRoutledge paperback
500 _a"The early chapters originally published under the title Principles of Shakespearian production."
504 _aBibliographical footnotes.
600 1 0 _aShakespeare, William,
_d1564-1616
_xDramatic production.
_956920
600 1 0 _aShakespeare, William,
_d1564-1616
_xTragedies.
_956932
942 _2ddc
_cBK
999 _c18475
_d18475